Semillas de Dios: una memoria de Auschwitz
Сохранить в:
| Главный автор: | |
|---|---|
| Формат: | |
| Язык: | испанский |
| Опубликовано: |
Santiago
Aguilar
2000
|
| Предметы: | |
| Метки: |
Добавить метку
Нет меток, Требуется 1-ая метка записи!
|
MARC
| LEADER | 00000cam a2200000 a 4500 | ||
|---|---|---|---|
| 001 | UCN9576 | ||
| 003 | CL-VaPUC | ||
| 008 | 011207e20000000CL |||||||||||||||||spa|d | ||
| 082 | 0 | 4 | |a 940.5318 |b KLE |2 21 |
| 100 | 0 | |a Klein, Judith |e author |9 466122 | |
| 245 | 1 | 0 | |a Semillas de Dios: una memoria de Auschwitz |
| 300 | |a 240 p | ||
| 942 | |c BK | ||
| 945 | |d 20011207 00:00:00 |a crobeson | ||
| 260 | |a Santiago |b Aguilar |c 2000 | ||
| 650 | 0 | |a Campos de concentración |9 344322 | |
| 650 | 0 | |a Prisioneros de guerra |9 350908 | |
| 650 | 7 | |a HOLOCAUSTO JUDIO |2 CL-VaPUC |9 329420 | |
| 650 | 0 | |a Antisemitismo |9 314513 | |
| 583 | |a last modification |c 20151105 01:06:52 |k Rodrigo Vera | ||
| 999 | |c 298885 |d 298883 | ||
| 952 | |0 0 |1 0 |4 0 |6 940_531800000000000_KLE_2000 |7 0 |8 A |9 354876 |a BIBEDU |b BIBEDU |d 2019-11-21 |i 3758532 |o 940.5318 KLE 2000 |p 3758532 |r 2019-11-21 |w 2019-11-21 |y BK |k CUE | ||
| 952 | |0 0 |1 0 |3 erb |4 0 |6 940_531800000000000_KLE_2000 |7 0 |8 A |9 354877 |a BIBEDU |b BIBEDU |i 5210429 |o 940.5318 KLE 2000 |p 5210429 |r 2019-11-21 |w 2019-11-21 |y BK |z Catalogado en:20151106 |k EDU | ||